Entre dos males y entre varios sueños

Enregistré dans:
Détails bibliographiques
Format: Texte
Tags: Ajouter un tag
Pas de tags, Soyez le premier à ajouter un tag!

MARC

LEADER 00000 a a2200000 04500
001 7173
003
040
245 |a Entre dos males y entre varios sueños  
773 |g volumen 20, número 234; páginas 3-11  
999 |c 25857  |d 25857